| 000 | 00656nam0a22002291 4500 | ||
|---|---|---|---|
| 001 | rc\212757 | ||
| 005 | 20250620234009.0 | ||
| 010 |
_a5-85178-010-X _910000 |
||
| 035 | _a(NLR Aleph) 005462321 | ||
| 090 |
_a4967320 _c4967320 |
||
| 100 | _a20030307d1996 |||y0rusy50 ca | ||
| 101 | 0 | _arus | |
| 102 | _aRU | ||
| 105 | _ay ||||||||| | ||
| 200 | 1 |
_aЭмоциональное здоровье вашего ребенка _fПер. с англ. [П.К. Руснака] |
|
| 210 |
_aМ. _cАвиценна _d1996 |
||
| 215 |
_a398, [1] с. _d22 |
||
| 801 | 0 |
_aRU _bNLR _gpsbo |
|
| 801 | 1 |
_aRU _bELAR _2rusmarc |
|
| 852 |
_aNLR _j96-3/3723 |
||
| 942 | _cBOOK | ||
| 980 | _aNB | ||